Nemecká ekonomika si na oživenie počká
Stručná informácia o vývoji recesie v SRN na základe analýzy ekonomického ústavu DIW. Vývoj rozpočtového deficitu Nemecka.
Gespeichert in:
| 1. Verfasser: | |
|---|---|
| Format: | Buchkapitel |
| Sprache: | Slowakisch |
| Schlagworte: | |
| Tags: |
Keine Tags, Fügen Sie das erste Tag hinzu!
|
MARC
| LEADER | 00000naa$a2200000$$$4500 | ||
|---|---|---|---|
| 001 | 0002239 | ||
| 005 | 20230925124106.3 | ||
| 041 | 0 | |a slo | |
| 044 | |a SK | ||
| 245 | 1 | 0 | |a Nemecká ekonomika si na oživenie počká |c aut. Dana Pálková |
| 520 | |a Stručná informácia o vývoji recesie v SRN na základe analýzy ekonomického ústavu DIW. Vývoj rozpočtového deficitu Nemecka. | ||
| 610 | 2 | 0 | |a vývoj hospodársky |
| 610 | 2 | 0 | |a recesia |
| 610 | 2 | 0 | |a Nemecko |
| 610 | 2 | 0 | |a ukazovatele makroekonomické |
| 100 | 1 | |a Pálková, Dana | |